000 00386nam a2200157Ia 4500
008 210210b1980 xxu||||| |||| 00| 0 eng d
020 _a0 7131 2788 0
082 _a574 BARE
100 _aBARRINGTON (E J W).
245 _aEnvironmental biology.
260 _aN D
_bEdward Arnold
_c1980
300 _aix,244
650 _aBiology Environmental
690 _aBiology
906 _a035842
999 _c86542
_d86542